| 000 | 01856nam a2200529 i 4500 | ||
|---|---|---|---|
| 001 | 46772 | ||
| 003 | KOSZ 005 | ||
| 005 | 20201214094417.0 | ||
| 008 | 060324s2005 pl a f f |000 0 pol | ||
| 015 | _aUWD 2006/7368 | ||
| 020 | _a8371993641 | ||
| 035 | _a991030034429705066 | ||
| 035 | _a(PL-WaBN)b18102451-48omnis_nlop | ||
| 035 | _ab18102451 | ||
| 035 | _a(OCoLC)749570210 | ||
| 035 | _a(PL)b0000001810245 | ||
| 035 | _a(EXLNZ-48OMNIS_NETWORK)9910013362405606 | ||
| 040 |
_aWA N _cWA N _dKOSZ 005/HR |
||
| 046 | _k2005 | ||
| 080 | _a628.1 | ||
| 080 | _a628.3 | ||
| 080 | _a579.6 | ||
| 080 | _a(075.8) | ||
| 100 | 1 |
_aPapciak, Dorota _eAutor |
|
| 245 | 1 | 0 |
_aPodstawy biologii i biotechnologii środowiskowej / _cDorota Papciak, Justyna Zamorska. |
| 260 |
_aRzeszów : _bOficyna Wydawnicza Politechniki Rzeszowskiej, _c2005. |
||
| 300 |
_a278 s. : _bil. ; _c24 cm. |
||
| 336 |
_aTekst _btxt _2rdacontent |
||
| 337 |
_aBez urządzenia pośredniczącego _bn _2rdamedia |
||
| 338 |
_aWolumin _bnc _2rdacarrier |
||
| 380 | _aKsiążki | ||
| 380 | _aPublikacje dydaktyczne | ||
| 385 |
_mPoziom nauczania _aSzkoły wyższe |
||
| 388 | _a2001- | ||
| 504 | _aBibliogr. s. 265-278. | ||
| 521 | 8 | _aDla studentów Wydziału Budownictwa i Inżynierii Środowiska do przedmiotów: biologia sanitarna, biotechnologia, biologia i ekologia. | |
| 650 | 7 |
_aBiotechnologia środowiskowa _2DBN |
|
| 650 | 7 |
_aMikrobiologia _2DBN |
|
| 655 | 7 |
_aPodręczniki akademickie _2DBN |
|
| 658 | _aBiologia | ||
| 658 | _aOchrona środowiska | ||
| 700 | 1 |
_aZamorska, Justyna _eAutor |
|
| 710 | 2 |
_aOficyna Wydawnicza Politechniki Rzeszowskiej _4pbl |
|
| 856 |
_uhttp://koha.tu.koszalin.pl/cgi-bin/koha/opac-detail.pl?biblionumber=46772 _yKatalog online BPK |
||
| 942 |
_2UKD _cKS |
||
| 999 |
_c46772 _d46772 |
||